[Event "ICS rated standard match"]
[Site "204.178.125.65"]
[Date "2000.09.05"]
[Round "?"]
[White "Hossa"]
[Black "nitmo"]
[Result "1-0"]
[WhiteElo "2252"]
[BlackElo "1976"]
[PlyCount "79"]
[EventDate "2000.??.??"]

1. e4 e5 2. Nf3 Nc6 3. Nc3 Nf6 4. Nxe5 Nxe5 5. d4 Nc6 6. d5 Bb4 7. Bg5 h6 8.
Bxf6 Qxf6 9. dxc6 Bxc3+ 10. bxc3 Qxc3+ 11. Ke2 bxc6 12. f3 Ba6+ 13. Kf2 Bxf1
14. Rxf1 Rb8 15. Kg1 Rb2 16. Rb1 Ke7 17. Rxb2 Qxb2 18. Qd2 Rb8 19. Rd1 d6 20.
e5 Qb6+ 21. Kh1 d5 22. Qc3 d4 23. Qb3 Qxb3 24. axb3 c5 25. Kg1 Ke6 26. f4 g5
27. Ra1 Rb7 28. Ra6+ Kf5 29. Rf6+ Ke4 30. Rxf7 gxf4 31. e6 Rb6 32. Rf6 Rb8 33.
Kf2 Re8 34. Rxh6 Ke5 35. Kf3 Rxe6 36. Rxe6+ Kxe6 37. Kxf4 a5 38. Ke4 c6 39. h4
Kf6 40. Kd3 {nitmo resigns} 1-0

[Event "ICS rated standard match"]
[Site "204.178.125.65"]
[Date "2000.09.05"]
[Round "?"]
[White "nitmo"]
[Black "Hossa"]
[Result "0-1"]
[WhiteElo "1971"]
[BlackElo "2257"]
[PlyCount "43"]
[EventDate "2000.??.??"]

1. e4 e5 2. Nf3 Nc6 3. Bc4 Nf6 4. Ng5 d5 5. exd5 Na5 6. Bb5+ c6 7. dxc6 bxc6 8.
Qf3 Rb8 9. Be2 Bc5 10. c3 Bd6 11. b4 Bg4 12. Qd3 Bxe2 13. Qxe2 Nb7 14. d3 O-O
15. Na3 c5 16. bxc5 Nxc5 17. Nc4 Bc7 18. Be3 Nxd3+ 19. Kf1 Qd5 20. Rd1 Qxc4 21.
Qxd3 Qxd3+ 22. Rxd3 {nitmo resigns} 0-1

[Event "ICS rated blitz match"]
[Site "204.178.125.65"]
[Date "2000.09.05"]
[Round "?"]
[White "Hossa"]
[Black "Amateur"]
[Result "1/2-1/2"]
[WhiteElo "2514"]
[BlackElo "2588"]
[PlyCount "205"]
[EventDate "2000.??.??"]

1. e4 e5 2. Nf3 Nc6 3. Nc3 Nf6 4. Nxe5 Nxe5 5. d4 Nc6 6. d5 Ne5 7. f4 Ng6 8. e5
Ng8 9. d6 cxd6 10. exd6 Qh4+ 11. g3 Qf6 12. Nb5 Rb8 13. Be3 b6 14. Bd4 Qe6+ 15.
Be2 Kd8 16. Qd3 Bb7 17. f5 Qe8 18. Qc4 Bc6 19. fxg6 hxg6 20. O-O Nh6 21. Nc7 b5
22. Qd3 Qe4 23. Qxe4 Bxe4 24. Bxa7 Rb7 25. Nxb5 Rxa7 26. Rf4 Ra4 27. Nc3 Rb4
28. Rxe4 Rxb2 29. Ra4 Bxd6 30. Ra8+ Rb8 31. Rxb8+ Bxb8 32. Rb1 Ba7+ 33. Kg2 Re8
34. Rb7 Bd4 35. Rb8+ Ke7 36. Nd5+ Kf8 37. Rxe8+ Kxe8 38. c3 Be5 39. Kf3 f5 40.
Ke3 Ng8 41. Kd2 Nf6 42. Bf3 g5 43. Ne3 f4 44. gxf4 gxf4 45. Nd5 g5 46. Nxf6+
Bxf6 47. a4 Bd8 48. Kd3 Ke7 49. Bd5 Kd6 50. Kc4 g4 51. Bf7 Bb6 52. Bh5 g3 53.
hxg3 fxg3 54. Bf3 Ke5 55. Bg2 Ba5 56. Bh1 d6 57. Bg2 d5+ 58. Bxd5 Bxc3 59. a5
Bxa5 60. Bf3 Kf4 61. Bg2 Ke3 62. Kd5 Bc3 63. Ke6 Kf4 64. Kf7 Ke5 65. Kg7 Bd4
66. Kh7 Bf2 67. Kh8 Ke6 68. Kg8 Kd6 69. Kh8 Kc5 70. Kg8 Be3 71. Kh8 Kd6 72. Kg8
Bd4 73. Kh7 Bf2 74. Kh8 Bd4+ 75. Kg8 Be3 76. Kh8 Bf2 77. Kg8 Kc5 78. Kh8 Kc4
79. Kg7 Kc5 80. Kh7 Be3 81. Kh8 Bf2 82. Kg8 Be3 83. Kh8 Bd4+ 84. Kg8 Kd6 85.
Kh7 Kc5 86. Kg8 Bg1 87. Kh8 Kd6 88. Kg8 Bb6 89. Kh8 Bc5 90. Kg8 Bg1 91. Kh8 Bf2
92. Kg8 Kc5 93. Kh8 Be3 94. Kg8 Bd4 95. Kh7 Bf2 96. Kh8 Kc4 97. Kg7 Kc5 98. Kh7
Be3 99. Kh8 Bf2 100. Kg8 Be3 101. Kh8 Bd4+ 102. Kg8 Kd6 103. Kh7 1/2-1/2

[Event "ICS rated blitz match"]
[Site "204.178.125.65"]
[Date "2000.09.05"]
[Round "?"]
[White "Amateur"]
[Black "Hossa"]
[Result "1/2-1/2"]
[WhiteElo "2585"]
[BlackElo "2517"]
[PlyCount "99"]
[EventDate "2000.??.??"]

1. e4 e5 2. Nf3 Nc6 3. Bb5 a6 4. Ba4 Nf6 5. d3 d6 6. c3 Bd7 7. O-O g6 8. Bg5
Bg7 9. Nbd2 O-O 10. d4 h6 11. Bxf6 Qxf6 12. d5 Nb8 13. Rc1 Qf4 14. Re1 f5 15.
Bc2 fxe4 16. Rxe4 Qf7 17. Rb4 b6 18. Nf1 a5 19. Rc4 Na6 20. Rh4 g5 21. Qd3 Bf5
22. Qxf5 Qxf5 23. Bxf5 gxh4 24. Nxh4 Bf6 25. Be6+ Kh7 26. Nf3 Nc5 27. Bf5+ Kg7
28. Ng3 Rfe8 29. Nh5+ Kf7 30. Ne1 e4 31. Nf4 Re5 32. Bg6+ Kg7 33. g3 Bg5 34.
Neg2 Bxf4 35. Nxf4 Rg5 36. b4 axb4 37. cxb4 Rxg6 38. bxc5 dxc5 39. Nxg6 Kxg6
40. Rd1 b5 41. d6 cxd6 42. Rxd6+ Kg7 43. Rd5 Rxa2 44. Rxc5 b4 45. Rc7+ Kg6 46.
Rc6+ Kh5 47. Rc5+ Kg6 48. Rc6+ Kh5 49. Rc5+ Kg6 50. Rc6+ 1/2-1/2

[Event "ICS rated standard match"]
[Site "204.178.125.65"]
[Date "2000.09.05"]
[Round "?"]
[White "Hossa"]
[Black "stevesand"]
[Result "1-0"]
[WhiteElo "2262"]
[BlackElo "2025"]
[PlyCount "70"]
[EventDate "2000.??.??"]

1. e4 c6 2. d4 d5 3. Nc3 dxe4 4. Nxe4 Nd7 5. Ng5 Ngf6 6. Bd3 e6 7. N1f3 Bd6 8.
Qe2 h6 9. Ne4 Nxe4 10. Qxe4 Nf6 11. Qe2 Qc7 12. Bd2 b6 13. Ne5 Bb7 14. O-O O-O
15. Bf4 Nd7 16. Nxd7 Qxd7 17. Bxd6 Qxd6 18. Qe4 g6 19. Bc4 Rad8 20. Rfd1 Qc7
21. Qh4 Kg7 22. c3 c5 23. dxc5 Rxd1+ 24. Rxd1 Qxc5 25. Rd7 Qc6 26. Qd4+ Kg8 27.
Bf1 Rc8 28. Qd2 Kg7 29. h4 Re8 30. h5 g5 31. Qd3 Kg8 32. Qd4 Ra8 33. b3 Rc8 34.
a3 a5 35. Re7 Qxc3 {stevesand resigns} 1-0

[Event "ICS rated standard match"]
[Site "204.178.125.65"]
[Date "2000.09.05"]
[Round "?"]
[White "Hossa"]
[Black "IamtheGame"]
[Result "1-0"]
[WhiteElo "2269"]
[BlackElo "1915"]
[PlyCount "65"]
[EventDate "2000.??.??"]

1. e4 c5 2. Nf3 d6 3. Bb5+ Bd7 4. Bxd7+ Qxd7 5. c4 Nc6 6. Nc3 g6 7. d4 cxd4 8.
Nxd4 Bg7 9. Be3 Nf6 10. f3 O-O 11. O-O a6 12. Nb3 Rac8 13. Nd5 Nxd5 14. cxd5
Ne5 15. Bd4 Rc7 16. f4 Nc4 17. Bxg7 Kxg7 18. Rf2 Rfc8 19. f5 Ne5 20. Nd4 Rc4
21. Qd2 Qc7 22. fxg6 hxg6 23. Rd1 Rc1 24. Rff1 Rxd1 25. Rxd1 Qc5 26. a3 Qb6 27.
b3 Qc5 28. Qg5 Qc3 29. Nf5+ Kf8 30. Qxe7+ Kg8 31. Qg5 Kf8 32. Qh6+ Ke8 33.
Nxd6+ {IamtheGame resigns} 1-0

[Event "ICS Rated standard match"]
[Site "204.178.125.65"]
[Date "2000.09.05"]
[Round "?"]
[White "Nimzostrong"]
[Black "Hossa"]
[Result "1-0"]
[WhiteElo "2437"]
[BlackElo "2273"]
[PlyCount "73"]
[EventDate "2000.??.??"]

1. d4 d5 2. c4 e6 3. Nc3 Nf6 4. Bg5 Be7 5. e3 O-O 6. Rc1 Nbd7 7. Nf3 c6 8. Bd3
h6 9. Bh4 dxc4 10. Bxc4 Nb6 11. Bd3 Bd7 12. O-O Nfd5 13. Bg3 Nb4 14. Bb1 Be8
15. Ne5 c5 16. dxc5 Bxc5 17. Qf3 Nc6 18. Rfd1 Qe7 19. Ne4 Bb4 20. a3 Nxe5 21.
Bxe5 f6 22. Bd4 f5 23. axb4 fxe4 24. Qxe4 Rf5 25. g4 Rg5 26. h4 Bg6 27. Qg2
Bxb1 28. hxg5 Ba2 29. gxh6 gxh6 30. Qe4 Qg5 31. Rc7 Kf8 32. Qf3+ Qf5 33. gxf5
Bd5 34. Qg4 Nd7 35. Qg7+ Ke8 36. Qxd7+ Kf8 37. Qf7# {Hossa checkmated} 1-0

[Event "ICS rated standard match"]
[Site "204.178.125.65"]
[Date "2000.09.05"]
[Round "?"]
[White "Hossa"]
[Black "PawnQuixote"]
[Result "1-0"]
[WhiteElo "2264"]
[BlackElo "1924"]
[PlyCount "61"]
[EventDate "2000.??.??"]

1. e4 c5 2. Nf3 d6 3. d4 cxd4 4. Nxd4 Nf6 5. Nc3 a6 6. Bg5 e6 7. f4 Be7 8. Qf3
Qc7 9. O-O-O Nc6 10. Nxc6 bxc6 11. e5 dxe5 12. fxe5 Nd5 13. Bxe7 Qxe7 14. Ne4
O-O 15. Bc4 Nb6 16. Be2 Bb7 17. Qf2 Qc7 18. Nd6 Nc8 19. Rhf1 Nxd6 20. exd6 Qd7
21. g4 Rad8 22. h4 e5 23. Kb1 Qe6 24. Qc5 Rd7 25. Rf5 Rfd8 26. Rxe5 Qh6 27. h5
Qf4 28. Re7 h6 29. Rxd7 Rxd7 30. Qa7 Qe4 31. Qb8+ {PawnQuixote resigns} 1-0

[Event "ICS rated standard match"]
[Site "204.178.125.65"]
[Date "2000.09.05"]
[Round "?"]
[White "BrazilianMaster"]
[Black "Hossa"]
[Result "1-0"]
[WhiteElo "2551"]
[BlackElo "2268"]
[PlyCount "113"]
[EventDate "2000.??.??"]

1. d4 d5 2. c4 e6 3. Nf3 Nf6 4. Bg5 Be7 5. Nc3 h6 6. Bh4 g5 7. Bg3 Ne4 8. e3
Nxg3 9. hxg3 c6 10. g4 Nd7 11. Rc1 Bb4 12. Bd3 dxc4 13. Bxc4 Nb6 14. Bb3 Nd5
15. e4 Nf6 16. Nxg5 Ke7 17. Nf3 Nxe4 18. Ne5 Ke8 19. Qf3 Ng5 20. Qe3 a5 21. f4
a4 22. Bc2 a3 23. fxg5 axb2 24. Rb1 c5 25. dxc5 Qxg5 26. Qxg5 Bxc3+ 27. Qd2
Bxd2+ 28. Kxd2 Ra5 29. Nd3 Rxa2 30. g5 h5 31. Nxb2 Ra5 32. Nd3 Ke7 33. Rb4 Ra3
34. g3 Ke8 35. Rh2 Kf8 36. Rf4 Ke7 37. Ne5 Rd8+ 38. Kc1 Rf8 39. Rxh5 Kd8 40. g6
Rxg3 41. Rh7 Rg1+ 42. Kb2 Rg8 43. Nxf7+ Kc7 44. Nh6+ Kc6 45. Nxg8 e5 46. Rf6+
Kxc5 47. Rc7+ Kd4 48. Rxc8 e4 49. Re6 Ke3 50. Rf8 Kd4 51. Rf5 Re1 52. Nf6 b5
53. g7 Kc4 54. g8=Q Rb1+ 55. Bxb1 Kb4 56. Qf8+ Kc4 57. Rxe4# {Hossa checkmated}
1-0

[Event "ICS rated blitz match"]
[Site "204.178.125.65"]
[Date "2000.09.05"]
[Round "?"]
[White "Amateur"]
[Black "Hossa"]
[Result "1/2-1/2"]
[WhiteElo "2616"]
[BlackElo "2498"]
[PlyCount "97"]
[EventDate "2000.??.??"]

1. e4 e5 2. Nf3 Nc6 3. Bb5 a6 4. Ba4 Nf6 5. O-O Be7 6. Re1 b5 7. Bb3 d6 8. c3
O-O 9. d3 Na5 10. Bc2 c5 11. Nbd2 Nc6 12. Nf1 a5 13. Bg5 Be6 14. Bb3 c4 15.
dxc4 bxc4 16. Ba4 Rc8 17. Ng3 Ng4 18. Qd2 f6 19. Be3 Nxe3 20. Qxe3 Qd7 21. Rad1
Rb8 22. Rd2 Bd8 23. Nf5 Bxf5 24. exf5 Qc7 25. Nh4 Ne7 26. Qf3 d5 27. Qg4 Qb7
28. Re3 Bb6 29. Rg3 Rf7 30. Qh5 Qa7 31. Ng6 Bxf2+ 32. Rxf2 hxg6 33. fxg6 Nxg6
34. Qxg6 Rxb2 35. Bc2 Rxa2 36. Qh7+ Kf8 37. Qh8+ Ke7 38. Kf1 d4 39. Rd2 d3 40.
Rxg7 Qd7 41. Rxf7+ Kxf7 42. Qh7+ Ke6 43. Qh3+ Kd6 44. Rxd3+ cxd3 45. Qxd3+ Ke7
46. Qh7+ Kd6 47. Qd3+ Ke7 48. Qh7+ Kd6 49. Qd3+ 1/2-1/2

[Event "ICS rated standard match"]
[Site "204.178.125.65"]
[Date "2000.09.05"]
[Round "?"]
[White "Hossa"]
[Black "Pennswoodpusher"]
[Result "0-1"]
[WhiteElo "2263"]
[BlackElo "1998"]
[PlyCount "166"]
[EventDate "2000.??.??"]

1. e4 e5 2. Nf3 Nc6 3. Nc3 Nf6 4. Nxe5 Nxe5 5. d4 Nc6 6. d5 Ne5 7. f4 Ng6 8. e5
Ng8 9. d6 cxd6 10. exd6 Qa5 11. h4 h5 12. Qd3 Kd8 13. f5 Ne5 14. Qb5 Qxb5 15.
Nxb5 a6 16. Nc7 Rb8 17. Be3 Bxd6 18. Nd5 Ne7 19. Bb6+ Ke8 20. Nxe7 Kxe7 21.
O-O-O Ra8 22. Bd4 Bb8 23. Re1 d6 24. Bd3 f6 25. b3 Ba7 26. Bb2 Bd7 27. Re2 Bb5
28. Bxb5 axb5 29. a3 Bc5 30. b4 Bb6 31. Rd1 Rac8 32. Rd5 Rc6 33. Rxb5 Rhc8 34.
a4 R8c7 35. Ba1 Kf7 36. a5 Ba7 37. Rd5 Nc4 38. Bd4 Bxd4 39. Rxd4 Ne5 40. Red2
Ke7 41. Kd1 Rd7 42. Re2 Kf7 43. Kd2 Rc4 44. c3 Rxd4+ 45. cxd4 Nc6 46. Kc3 Re7
47. Rxe7+ Kxe7 48. d5 Na7 49. Kc4 Kd7 50. b5 Nc8 51. Kd3 Kc7 52. b6+ Nxb6 53.
axb6+ Kxb6 54. Kc4 Ka5 55. Kc3 Kb5 56. Kb3 Kc5 57. Kc3 Kxd5 58. Kd3 Ke5 59. Ke2
Kxf5 60. Kf3 b5 61. Ke3 Kg4 62. Kf2 Kxh4 63. Kf3 Kg5 64. Kg3 b4 65. Kf3 b3 66.
Ke4 b2 67. Kd4 b1=Q 68. Ke3 Qf1 69. Kd4 Qe2 70. g3 Qe5+ 71. Kd3 Kg4 72. Kc4
Kxg3 73. Kd3 Qf4 74. Kc3 Qe4 75. Kb3 Qd4 76. Ka3 Qc4 77. Kb2 Qd3 78. Ka2 Qc3
79. Kb1 Qd2 80. Ka1 h4 81. Kb1 h3 82. Ka1 h2 83. Kb1 h1=Q# {Hossa checkmated}
0-1

[Event "ICS rated standard match"]
[Site "204.178.125.65"]
[Date "2000.09.05"]
[Round "?"]
[White "Pennswoodpusher"]
[Black "Hossa"]
[Result "0-1"]
[WhiteElo "2024"]
[BlackElo "2237"]
[PlyCount "68"]
[EventDate "2000.??.??"]

1. e4 e5 2. Bc4 Nf6 3. Nf3 Nxe4 4. Nc3 Nc6 5. O-O Nxc3 6. dxc3 h6 7. Nxe5 Nxe5
8. Re1 Qe7 9. f4 Nxc4 10. b3 Nb6 11. Ba3 d6 12. Rxe7+ Bxe7 13. Qe2 Bd7 14. Kf2
Nd5 15. Re1 O-O 16. c4 Bh4+ 17. g3 Nxf4 18. Qe4 Bg5 19. gxf4 Bh4+ 20. Kf1 Rfe8
21. Qxe8+ Rxe8 22. Rxe8+ Bxe8 23. c5 d5 24. Ke2 Bb5+ 25. Ke3 Bf6 26. Bb4 g5 27.
a4 Bd7 28. Ba5 Bf5 29. c4 d4+ 30. Kf3 Bc2 31. Bxc7 Bxb3 32. Bb8 d3 33. Ke3 Bxc4
34. Bxa7 Bc3 0-1

[Event "ICS rated standard match"]
[Site "204.178.125.65"]
[Date "2000.09.05"]
[Round "?"]
[White "Hossa"]
[Black "PolarBear1"]
[Result "1-0"]
[WhiteElo "2244"]
[BlackElo "1939"]
[PlyCount "37"]
[EventDate "2000.??.??"]

1. e4 g6 2. d4 Bg7 3. Nc3 c6 4. Nf3 d6 5. Bc4 Nf6 6. e5 dxe5 7. Nxe5 O-O 8. Bf4
b5 9. Bb3 Nbd7 10. Nxc6 Qe8 11. Nxb5 Nb6 12. Ncxa7 e5 13. dxe5 Nh5 14. Nc7 Qe7
15. Nxa8 Qxa7 16. Nxb6 Nxf4 17. Nxc8 Nxg2+ 18. Kf1 Nf4 19. Nxa7 {
PolarBear1 resigns} 1-0

[Event "ICS Rated blitz match"]
[Site "204.178.125.65"]
[Date "2000.09.05"]
[Round "?"]
[White "Hossa"]
[Black "WitPaard"]
[Result "1-0"]
[WhiteElo "2503"]
[BlackElo "2287"]
[PlyCount "129"]
[EventDate "2000.??.??"]

1. e4 e5 2. Nf3 Nc6 3. Bb5 f5 4. d3 fxe4 5. dxe4 Nf6 6. Bg5 Bc5 7. O-O d6 8.
Bc4 Qe7 9. Nc3 Be6 10. Nd5 Bxd5 11. exd5 Nd8 12. Nd2 O-O 13. Ne4 Nf7 14. Bh4
Bb6 15. Qf3 Nh6 16. Rfc1 Qf7 17. Ng5 Qg6 18. Bd3 Qh5 19. Qxh5 Nxh5 20. Bxh7+
Kh8 21. Re1 Ng4 22. Bg6 Nf4 23. Bf7 Nh6 24. Be6 Rae8 25. Bd7 Ra8 26. Ne6 Rf7
27. Nxf4 Rxf4 28. Bg3 Rc4 29. c3 Rf8 30. a4 a5 31. Rac1 Nf5 32. Bxf5 Rxf5 33.
b3 Rg4 34. Re2 Rg6 35. Kf1 Rgf6 36. b4 g5 37. bxa5 Bxa5 38. Ke1 Kg7 39. h4 g4
40. Rb1 b6 41. Re4 Bxc3+ 42. Ke2 Rg6 43. Rc4 Bd4 44. Rxc7+ Kh6 45. Rc8 Rgf6 46.
Rf1 e4 47. Re8 Rxd5 48. Rd1 Bxf2 49. Rxd5 Bxg3 50. Rxe4 Rf2+ 51. Ke3 Rxg2 52.
Rxg4 Bf2+ 53. Kf3 Rxg4 54. Kxg4 Bc5 55. h5 Bb4 56. Rg5 Bc5 57. Rg6+ Kh7 58. Re6
Bb4 59. h6 Bc5 60. Kh5 d5 61. Rc6 d4 62. Rc7+ Kh8 63. Kg6 Bf8 64. Rc8 Kg8 65.
h7+ {WitPaard resigns} 1-0

[Event "ICS rated standard match"]
[Site "204.178.125.65"]
[Date "2000.09.05"]
[Round "?"]
[White "PolarBear1"]
[Black "Hossa"]
[Result "0-1"]
[WhiteElo "1934"]
[BlackElo "2249"]
[PlyCount "62"]
[EventDate "2000.??.??"]

1. Nf3 d5 2. g3 Nf6 3. Bg2 c6 4. d3 h6 5. O-O Nbd7 6. Nbd2 e5 7. e4 Bd6 8. c3
O-O 9. Re1 Re8 10. d4 exd4 11. Nxd4 dxe4 12. Nxe4 Nxe4 13. Rxe4 Rxe4 14. Bxe4
Nf6 15. Bc2 Bg4 16. Qd3 Bh3 17. Be3 Qb6 18. Nb3 c5 19. Rd1 Qc6 20. f3 Qxf3 21.
Rd2 c4 22. Nd4 cxd3 23. Nxf3 dxc2 24. Rxd6 Re8 25. Bc1 Ng4 26. Rd2 Re3 27. Rf2
Rd3 28. Nd2 Nxf2 29. Kxf2 g5 30. Ke2 Rd6 31. Nb3 Rd1 {PolarBear1 resigns} 0-1

[Event "ICS rated standard match"]
[Site "204.178.125.65"]
[Date "2000.09.05"]
[Round "?"]
[White "Hossa"]
[Black "PolarBear1"]
[Result "1-0"]
[WhiteElo "2253"]
[BlackElo "1930"]
[PlyCount "24"]
[EventDate "2000.??.??"]

1. e4 g6 2. d4 Bg7 3. Nc3 c6 4. Nf3 d6 5. Bc4 Nf6 6. e5 dxe5 7. Nxe5 Nd5 8. Qf3
O-O 9. Nxd5 cxd5 10. Bxd5 Qc7 11. Bxf7+ Kh8 12. Bf4 g5 {PolarBear1 resigns} 1-0

[Event "ICS rated blitz match"]
[Site "204.178.125.65"]
[Date "2000.09.05"]
[Round "?"]
[White "Amateur"]
[Black "Hossa"]
[Result "1/2-1/2"]
[WhiteElo "2635"]
[BlackElo "2510"]
[PlyCount "154"]
[EventDate "2000.??.??"]

1. e4 e5 2. Nf3 Nc6 3. d4 exd4 4. Nxd4 Nf6 5. Nxc6 bxc6 6. e5 Qe7 7. Qe2 Nd5 8.
c4 Ba6 9. Qe4 Nb6 10. Nd2 d5 11. exd6 cxd6 12. Qe2 Qxe2+ 13. Bxe2 Be7 14. O-O
O-O 15. Bf3 d5 16. Re1 Rfe8 17. cxd5 cxd5 18. Nb3 Bf6 19. Rxe8+ Rxe8 20. Be3
Bxb2 21. Rb1 Be5 22. Rd1 Bc4 23. Bxb6 axb6 24. Bxd5 Bxd5 25. Rxd5 g5 26. a4 Kg7
27. g3 g4 28. f3 gxf3 29. Kf2 Bc3 30. Kxf3 Ra8 31. Rg5+ Kf8 32. Rb5 Ra6 33. Nc1
Rxa4 34. Rxb6 Kg7 35. Nd3 Bd4 36. Rd6 Bf6 37. Rc6 Ra3 38. Ke4 Ra2 39. h4 Ra4+
40. Kf5 Ra5+ 41. Rc5 Rxc5+ 42. Nxc5 Bd4 43. Nd3 h6 44. h5 Bc3 45. Nf4 Be1 46.
g4 Bc3 47. Nd5 Bd2 48. Ke4 Bc1 49. Kd3 Bb2 50. Ke4 Bc1 51. Kd4 Bb2+ 52. Ke3 Kf8
53. Kd3 Kg7 54. Kd2 Be5 55. Ke3 Bb2 56. Kf4 Kf8 57. Ke4 Ke8 58. Ne3 Bc1 59. Nf5
Kd7 60. Ke5 Bg5 61. Kd5 Bf4 62. Ke4 Bc1 63. Kd5 Bf4 64. Nd4 Be3 65. Ke5 Bxd4+
66. Kxd4 Kd6 67. g5 Ke7 68. gxh6 Kf8 69. Ke5 f6+ 70. Ke6 Kg8 71. Kxf6 Kh7 72.
Kg5 Kh8 73. Kg6 Kg8 74. Kf5 Kh7 75. Kg5 Kh8 76. Kf6 Kh7 77. Kg5 Kh8 1/2-1/2

[Event "ICS Rated blitz match"]
[Site "204.178.125.65"]
[Date "2000.09.05"]
[Round "?"]
[White "Hossa"]
[Black "Amateur"]
[Result "0-1"]
[WhiteElo "2516"]
[BlackElo "2629"]
[PlyCount "112"]
[EventDate "2000.??.??"]

1. e4 e5 2. Nf3 Nc6 3. Nc3 Nf6 4. Nxe5 Nxe5 5. d4 Ng6 6. e5 Ng8 7. Bc4 Bb4 8.
Qf3 Bxc3+ 9. bxc3 f6 10. O-O Qe7 11. exf6 Nxf6 12. Bg5 Qd6 13. Rfe1+ Kd8 14.
Bd3 Rf8 15. Bxg6 hxg6 16. Qd3 Rf7 17. Qxg6 Qf8 18. Qf5 Re7 19. Rab1 d6 20. Qf4
Rxe1+ 21. Rxe1 Bd7 22. Rb1 Kc8 23. c4 Qf7 24. Re1 Qg6 25. c3 Rb8 26. Qe3 Qf5
27. f4 Nh7 28. Bh4 Qf7 29. Qe7 Qf8 30. Re3 b5 31. c5 dxc5 32. Rg3 cxd4 33. cxd4
g5 34. Qxf8+ Nxf8 35. Bxg5 Ne6 36. d5 Nxg5 37. Rxg5 Rb6 38. Re5 Ra6 39. Re2 Ra4
40. g3 Bf5 41. d6 cxd6 42. Rd2 b4 43. Rd5 Bb1 44. Rxd6 Rxa2 45. g4 b3 46. Rc6+
Kd7 47. Rc4 b2 48. Rd4+ Ke6 49. f5+ Ke5 50. Rb4 Bd3 51. h4 a5 52. Rb6 Kf4 53.
Rb3 a4 54. Rb6 Kg3 55. Rxb2 Rxb2 56. g5 Rb1# {Hossa checkmated} 0-1

[Event "ICS rated blitz match"]
[Site "204.178.125.65"]
[Date "2000.09.05"]
[Round "?"]
[White "Amateur"]
[Black "Hossa"]
[Result "0-1"]
[WhiteElo "2640"]
[BlackElo "2505"]
[PlyCount "206"]
[EventDate "2000.??.??"]

1. d4 d5 2. c4 e6 3. Nc3 Nf6 4. cxd5 exd5 5. Bg5 Be7 6. e3 O-O 7. Bd3 c6 8. Nf3
Nbd7 9. O-O Re8 10. Rc1 Ne4 11. Bf4 g5 12. Bg3 Nxg3 13. fxg3 g4 14. Nd2 Bg5 15.
e4 Qb6 16. Qxg4 Qxd4+ 17. Kh1 Qe3 18. Nf3 Ne5 19. Qxg5+ Qxg5 20. Nxg5 Nxd3 21.
Rc2 d4 22. Ne2 Nb4 23. Rc4 d3 24. Nf4 Nc2 25. Nh5 Re5 26. Nf6+ Kg7 27. Nxf7
Kxf7 28. Ng4+ Ke6 29. Rf6+ Ke7 30. Nxe5 Kxf6 31. Nxd3 Ne3 32. e5+ Ke7 33. Re4
Ng4 34. h3 Bf5 35. Rxg4 Bxd3 36. Rg7+ Ke6 37. Rxb7 Kxe5 38. Rd7 Bf5 39. Rb7 a6
40. g4 Bb1 41. a4 Bc2 42. a5 Kd6 43. Kh2 Rf8 44. Kg3 Bd3 45. Rb3 Bc4 46. Rb4
Kc5 47. Rb7 Rf7 48. Rb8 Bb5 49. Rg8 Rb7 50. g5 Bc4 51. Rh8 Kb5 52. Rc8 Bd5 53.
Re8 Kxa5 54. Re2 Rf7 55. h4 Kb6 56. h5 Rg7 57. Kh4 Bc4 58. Re8 Kc5 59. Rb8 Kd6
60. b3 Kc7 61. Rb4 Bd5 62. Ra4 Kb6 63. g3 Kb5 64. h6 Rg6 65. Ra3 c5 66. Kg4 Kb4
67. Ra4+ Kxb3 68. Ra1 c4 69. Rb1+ Kc2 70. Rb8 c3 71. Kf5 Kc1 72. Ke5 c2 73.
Kxd5 Kd2 74. Rb2 Rxg5+ 75. Ke4 Rxg3 76. Kf4 Kc1 77. Rb6 Rc3 78. Rxa6 Kd1 79.
Ra1+ Kd2 80. Ke5 Rh3 81. Ra2 Rxh6 82. Kf4 Rh3 83. Kg4 Rd3 84. Kg5 Rd7 85. Kf6
h5 86. Kg6 h4 87. Kf5 h3 88. Ke6 h2 89. Kxd7 h1=R 90. Ke6 Kc3 91. Rxc2+ Kxc2
92. Kd5 Kd3 93. Ke5 Re1+ 94. Kd5 Kc3 95. Kc5 Rd1 96. Kb6 Kc4 97. Kc6 Kb4 98.
Kb6 Rc1 99. Ka7 Kc5 100. Kb7 Kb5 101. Ka7 Kc6 102. Kb8 Kb6 103. Ka8 Rc8# {
Amateur checkmated} 0-1

[Event "ICS rated standard match"]
[Site "204.178.125.65"]
[Date "2000.09.05"]
[Round "?"]
[White "Esen"]
[Black "Hossa"]
[Result "0-1"]
[WhiteElo "1911"]
[BlackElo "2257"]
[PlyCount "47"]
[EventDate "2000.??.??"]

1. d4 d5 2. Bf4 Nf6 3. Nf3 e6 4. Bg5 h6 5. Bxf6 Qxf6 6. Ne5 Nd7 7. Nxd7 Bxd7 8.
e3 O-O-O 9. Qf3 Qxf3 10. gxf3 c5 11. c3 Kc7 12. h4 c4 13. f4 Ba4 14. Be2 Bc2
15. Bd1 Be4 16. f3 Bg6 17. Nd2 Bd6 18. Nf1 b5 19. a3 Bd3 20. Kd2 g5 21. hxg5
hxg5 22. Rxh8 Rxh8 23. fxg5 Bxf1 24. Be2 {Esen resigns} 0-1

[Event "ICS rated standard match"]
[Site "204.178.125.65"]
[Date "2000.09.05"]
[Round "?"]
[White "Hossa"]
[Black "Esen"]
[Result "1-0"]
[WhiteElo "2261"]
[BlackElo "1907"]
[PlyCount "64"]
[EventDate "2000.??.??"]

1. e4 c6 2. d4 g6 3. f4 Bg7 4. Nf3 d5 5. e5 Bg4 6. h3 Bxf3 7. Qxf3 e6 8. Bd3
Ne7 9. O-O Nd7 10. g4 h5 11. Be3 Qb6 12. b3 O-O-O 13. c4 hxg4 14. hxg4 Rh7 15.
Na3 Rdh8 16. Qg2 Qd8 17. Rf2 Qa5 18. Nc2 Qc3 19. Rd1 Rh3 20. Rf3 Rxf3 21. Qxf3
Qa5 22. Qe2 a6 23. a4 Qd8 24. Bf2 Nb6 25. c5 Na8 26. b4 Nc7 27. Bg3 Kd7 28. b5
axb5 29. axb5 Rh3 30. Qg2 Rh8 31. b6 Ne8 32. Ra1 Ng8 {Esen resigns} 1-0

[Event "ICS rated standard match"]
[Site "204.178.125.65"]
[Date "2000.09.05"]
[Round "?"]
[White "Hossa"]
[Black "Narrator"]
[Result "1-0"]
[WhiteElo "2265"]
[BlackElo "1911"]
[PlyCount "52"]
[EventDate "2000.??.??"]

1. e4 d5 2. exd5 Nf6 3. d4 Nxd5 4. Nf3 e6 5. c4 Nf6 6. Be3 Bb4+ 7. Nbd2 Nc6 8.
Be2 O-O 9. O-O b6 10. a3 Bd6 11. Bd3 Bb7 12. Qc2 Be7 13. Ne4 Nxe4 14. Bxe4 f5
15. Bd3 Bf6 16. Rad1 Qe7 17. Rfe1 Qf7 18. d5 exd5 19. Bxf5 g6 20. cxd5 gxf5 21.
dxc6 Bc8 22. Bh6 Bg7 23. Ne5 Qf6 24. Bxg7 Qxg7 25. Qb3+ Kh8 26. Rd8 Ba6 {
Narrator resigns} 1-0

[Event "ICS rated standard match"]
[Site "204.178.125.65"]
[Date "2000.09.05"]
[Round "?"]
[White "Esen"]
[Black "Hossa"]
[Result "0-1"]
[WhiteElo "1903"]
[BlackElo "2269"]
[PlyCount "44"]
[EventDate "2000.??.??"]

1. d4 d5 2. Bf4 Nf6 3. e3 e6 4. Bg5 c5 5. Bxf6 Qxf6 6. c3 cxd4 7. cxd4 Bd6 8.
Bb5+ Nc6 9. h4 O-O 10. f4 Bxf4 11. exf4 Nxd4 12. Be2 Qxf4 13. Nf3 Nf5 14. Qd2
Qg3+ 15. Kf1 Qc7 16. Rh3 Ng3+ 17. Kg1 Ne4 18. Qe1 Qb6+ 19. Kh2 Qxb2 20. Nbd2 e5
21. Nxe4 dxe4 22. Ng5 Bxh3 {Esen resigns} 0-1

[Event "ICS rated standard match"]
[Site "204.178.125.65"]
[Date "2000.09.05"]
[Round "?"]
[White "Hossa"]
[Black "Esen"]
[Result "1-0"]
[WhiteElo "2272"]
[BlackElo "1900"]
[PlyCount "115"]
[EventDate "2000.??.??"]

1. e4 c6 2. d4 g6 3. f4 Bg7 4. Nf3 d5 5. e5 Bg4 6. h3 Bxf3 7. Qxf3 f5 8. h4 h5
9. Qg3 Rh6 10. Be2 Kf7 11. Be3 e6 12. Nd2 Nd7 13. Nf3 Qe8 14. O-O Bf8 15. a4
Be7 16. Ng5+ Bxg5 17. hxg5 Rh8 18. Bd2 a6 19. a5 Ne7 20. Qe3 Qd8 21. Bb4 Qc7
22. Bd6 Qd8 23. Qb3 Qc8 24. Qb4 Re8 25. Qd2 c5 26. c3 c4 27. Qc2 Qc6 28. Bb4
Rec8 29. Qd2 b5 30. axb6 Qxb6 31. Bd6 Nc6 32. Bd1 Qb7 33. Re1 Nb6 34. Bf3 a5
35. g3 a4 36. Bd1 Na5 37. Qe2 Nb3 38. Ra3 Ra6 39. Bc2 Rca8 40. Bb4 Nc8 41. Qf2
Na7 42. Rd1 Nb5 43. Ra2 Qc6 44. Rf1 R8a7 45. Qe3 a3 46. bxa3 Nxa3 47. Bd1 Nb5
48. Rxa6 Rxa6 49. Qf2 Ra1 50. Be2 Qa6 51. Re1 Rxe1+ 52. Qxe1 Qa1 53. Qxa1 Nxa1
54. Bd1 Nb3 55. Kg2 Ke8 56. Kf2 Kd8 57. Ke1 Kc7 58. Bxh5 {Esen resigns} 1-0

[Event "ICS rated standard match"]
[Site "204.178.125.65"]
[Date "2000.09.05"]
[Round "?"]
[White "boardkiller2"]
[Black "Hossa"]
[Result "0-1"]
[WhiteElo "1999"]
[BlackElo "2275"]
[PlyCount "70"]
[EventDate "2000.??.??"]

1. d4 d5 2. c4 e6 3. Nc3 Nf6 4. Nf3 Bb4 5. Bg5 dxc4 6. e3 b5 7. Be2 h6 8. Bxf6
Qxf6 9. O-O c6 10. a4 O-O 11. axb5 Bxc3 12. bxc3 cxb5 13. Qc2 Bb7 14. Rfb1 a6
15. Ne5 Qe7 16. Qd1 Nd7 17. Nxc4 Be4 18. Rb2 bxc4 19. f3 Bc6 20. Bxc4 a5 21.
Rba2 Qg5 22. Qe2 Nb6 23. f4 Qxg2+ 24. Qxg2 Bxg2 25. Bxe6 fxe6 26. Kxg2 Nc4 27.
Kf3 g6 28. Rg1 Rf6 29. Rag2 Kf7 30. e4 g5 31. Rg4 a4 32. h4 Rxf4+ 33. Rxf4+
gxf4 34. Rg2 a3 35. Ra2 Rb8 0-1